| Tag |
First Indicator |
Second Indicator |
Subfields |
| LEADER |
00000uam a2200000 a 4500 |
| 001 |
in00004139613 |
| 005 |
20260122220248.0 |
| 006 |
m o d |
| 007 |
cr cn |
| 008 |
060613s2011 xx o eng |
| 020 |
|
|
|z 9780132836173
|
| 020 |
|
|
|z 0132835967
|
| 020 |
|
|
|z 9780132835961
|
| 020 |
|
|
|z 0132836173
|
| 035 |
|
|
|a (CaSebORM)9780132836173
|
| 040 |
|
|
|d UtOrBLW
|
| 041 |
0 |
|
|a eng
|
| 100 |
1 |
|
|a Christiansen, Mark,
|e author.
|
| 245 |
1 |
0 |
|a CS5.5 Update :
|b Adobe After Effects CS5 Visual Effects and Compositing Studio Techniques /
|c Christiansen, Mark.
|
| 250 |
|
|
|a 1st edition.
|
| 264 |
|
1 |
|b Adobe Press,
|c 2011.
|
| 300 |
|
|
|a 1 online resource (1 pages)
|
| 336 |
|
|
|a text
|b txt
|2 rdacontent
|
| 337 |
|
|
|a computer
|b c
|2 rdamedia
|
| 338 |
|
|
|a online resource
|b cr
|2 rdacarrier
|
| 347 |
|
|
|a text file
|
| 520 |
|
|
|a Material included in this update • Chapter 1 - Timecode • Chapter 1 - Save as CS5 • Chapter 1 - Caching • Chapter 8 - Warp Stabilizer • Chapter 9 - Camera Commands • Chapter 9 - Depth of Focus • Chapter 9 - Stereoscopic 3D • Chapter 12 - Light Falloff
|
| 533 |
|
|
|a Electronic reproduction.
|b Boston, MA :
|c Safari,
|n Available via World Wide Web.
|d 2011.
|
| 538 |
|
|
|a Mode of access: World Wide Web.
|
| 542 |
|
|
|f Copyright © 2011 by Adobe Press
|g 2011
|
| 588 |
|
|
|a Online resource; Title from title page (viewed July 28, 2011)
|
| 500 |
|
|
|a Electronic resource.
|
| 655 |
|
7 |
|a Electronic books.
|2 local
|
| 710 |
2 |
|
|a Safari, an O'Reilly Media Company.
|
| 856 |
4 |
0 |
|u https://proxy.library.tamu.edu/login?url=https://go.oreilly.com/TAMU/library/view/-/9780132836173/?ar
|z Connect to this electronic resource
|t 0
|
| 999 |
f |
f |
|s 79f32c68-63ad-3716-819d-8d5b22ce74fd
|i 39c2fe25-4600-38c3-b002-5d2932cffe85
|t 0
|
| 952 |
f |
f |
|a Texas A&M University
|b College Station
|c Electronic Resources
|s www_evans
|d Available Online
|t 0
|h No information provided
|
| 998 |
f |
f |
|t 0
|l Available Online
|